Гидготермальная деятельность в озере Йеллоустон; Природа; № 2

Detaylı Bibliyografya
Parent link:Природа: естественно-научный журнал/ Российская Академия наук.— , 1912-.— 0032-874X
№ 2.— 2002.— с. 62-64
Yazar: Силкин Б. И.
Dil:Rusça
Baskı/Yayın Bilgisi: 2002
Seri Bilgileri:Научные сообщения
Konular:
Materyal Türü: MixedMaterials Kitap Bölümü
KOHA link:https://koha.lib.tpu.ru/cgi-bin/koha/opac-detail.pl?biblionumber=382519

MARC

LEADER 00000naa2a2200000 4500
001 382519
005 20231101063004.0
035 |a (RuTPU)RU\TPU\prd\6557 
090 |a 382519 
100 |a 20020918a2002 k y0rusy50 ca 
101 0 |a rus 
102 |a RU 
200 1 |a Гидготермальная деятельность в озере Йеллоустон  |f Б. И. Силкин 
225 1 |a Научные сообщения 
320 |a Библиогр.: 1 назв. 
461 1 |0 (RuTPU)RU\TPU\prd\304  |x 0032-874X  |t Природа  |o естественно-научный журнал  |f Российская Академия наук  |d 1912- 
463 1 |0 (RuTPU)RU\TPU\prd\72950  |t № 2  |v с. 62-64  |d 2002 
610 1 |a озёра 
610 1 |a национальные парки 
610 1 |a гейзеры 
610 1 |a горячие ключи 
610 1 |a гидротермальные источники 
610 1 |a Американский географический союз 
610 1 |a ледники 
610 1 |a археологические исследования 
610 1 |a форель 
700 1 |a Силкин  |b Б. И. 
801 1 |a RU  |b 63413507  |c 20020918  |g PSBO 
801 2 |a RU  |b 63413507  |c 20100119  |g PSBO 
942 |c BK